000 00811nam a22002657a 4500
001 BR8404437
003 BR-BrBNA
005 20230928092017.0
007 ta
008 230509b bl.||||| |||| 00| 0 por d
040 _aBR-BrBNA
_bpor
_cBiblioteca Nacional de Agricultura
041 _a(Por)
072 _aF06; E14
_b0230
_b/G514
090 _ 0230 BR8404437
100 1 _aBecerra de la Flor, J.C.
110 1 _aIICA, Campos, RJ (Brasil)
_95554
245 1 _aResultados obtidos nos projetos demonstrativos com cana-de-acucar irrigado e suas areas de ampliacao nas safras de 1980 a 1983 [Brasil]
260 3 _aCampos, RJ (Brasil):
_c1984.
300 _a37 p.
650 _aIRRIGACAO
650 _aPROJETO AGRICOLA
650 _aCANA DE ACUCAR
909 _a202309
_bLucia
_c55
_dLucia Elande
942 _cBK
999 _c36679
_d36679